| 000 | 00353nam a2200145Ia 4500 | ||
|---|---|---|---|
| 008 | 220204s9999 xx 000 0 und d | ||
| 082 |
_a339.138 _bAMA |
||
| 100 | _aAmarchand, D | ||
| 245 | 3 | _aAn introduction to marketing | |
| 260 |
_aNew Delhi _bVikas _c1979 |
||
| 650 | _aAdvertising | ||
| 650 | _aPricing | ||
| 700 | _aVardharajan, B | ||
| 942 | _cBK | ||
| 999 |
_c30471 _d30471 |
||